Provinces and Territories of British India on a Map - Statistics

General Stats
  • This quiz has been taken 847 times
  • The average score is 6 of 12
Answers on the Map
Answers color-coded by a green-red scale on the quiz's map according to % correct below.
 
Answer Stats
Answer % Correct
Burma
94%
Bengal
89%
Punjab
76%
Sind
61%
Andaman and Nicobar Islands
58%
Bombay
57%
United Provinces
57%
Madras
51%
Balochistan
47%
Central Provinces
23%
Northwest Frontier Province
22%
Berar
11%
No matching quizzes found
Score Distribution
Percent of People with Each Score
Percentile by Number Answered
Your Score History
You have not taken this quiz